Výskumné práce 1999 [zborník riešených prác v roku 1999]

Salvato in:
Dettagli Bibliografici
Altri autori: Kubanková, Mária
Natura: Libro
Lingua:slovacco
inglese
Pubblicazione: Bratislava Výskumný ústav ekonomiky poľnohospodárstva a potravinárstva 2000
Soggetti:
Tags: Aggiungi Tag
Nessun Tag, puoi essere il primo ad aggiungerne!!

MARC

LEADER 00000nam a2200000 4500
001 c122549
005 20221108084005.1
020 |a 80-8058-152-5 
041 0 |a slo 
041 0 |a eng 
044 |a SK 
245 1 0 |a Výskumné práce 1999  |b [zborník riešených prác v roku 1999]  |c [Zostav. Mária Kubanková] 
264 1 |a Bratislava  |b Výskumný ústav ekonomiky poľnohospodárstva a potravinárstva  |c 2000 
300 |a 172 s. 
610 2 0 |a poľnohospodárstvo 
610 2 0 |a potravinárstvo 
610 2 0 |a ústavy výskumné 
610 2 0 |a práce výskumné 
610 2 0 |a politika poľnohospodárska 
610 2 0 |a integrácia ekonomická 
700 1 |a Kubanková, Mária